000 00348 a2200109 4500
001 ART_6237
005 20260410161825.0
008 260409a
245 1 0 _aElaboración de una técnica legislativa que mejore la normativa tributaria
100 1 _aSuarez, Raúl Héctor
773 0 _tFACES
_g- Año 4, Nº 6 (oct. 1998)
_wREV5046
999 _c22725
_d22725